000 00691nam a2200229 4500
003 OSt
005 20260601193403.0
008 260514t2000 xxua|||| |||| 00| 0 eng d
040 _aICI
_bspa
_cICI
041 _aeng
050 _aNK6196
_bP65
245 1 _aPhilips lighting :
_bbusiness unit international sales catalogue 1999/2000
264 _b[Estados Unidos] :
_cPhilips,
_a2000
300 _a394 páginas :
_bilustraciones
336 _atexto
_2rdacontent
337 _asin medio
_2rdamedia
338 _avolumen
_2rdacarrier
650 _aLámparas
_vCatálogos
_935170
650 _aAlumbrado eléctrico
_vCatálogos
_935171
710 _aPhilips Lighting
_935172
942 _2lcc
_cB
_n1
999 _c21035
_d21035